000 00720nam a2200241Ia 4500
003 OSt
005 20220918202535.0
006 a|||||r|||| 00| 0
007 ta
008 220917b |||||||| |||| 00| 0 eng d
024 _a101,976
037 _cTextual
040 _aARTS
_cARTS
_beng
041 _2eng
_aeng
082 _aV25:73:Dz7, K8
100 _aNarain A K Ed
_939538
245 0 _aSeminar papers on the local coins of Northern India C300 BC to 300 AD
260 _aNA
_bNA
_c1968
490 _aMemories of the department of ancient Indian history culture and archaeology
650 _aHISTORY
942 _hV25:73:Dz7, K8
_cTEXL
_2CC
999 _c225436
_d225436